[Event "DVM U20w 2003"]
[Site "Ditzingen GER"]
[Date "2003.12.27"]
[Round "2"]
[White "Winnicki, Alice"]
[Black "Schulz, Stefanie"]
[Result "1-0"]
[Termination "normal"]
[Board "1.1"]
[WhiteElo "2032"]
[BlackElo "2097"]
[WhiteTeam "SK Johanneum Eppendorf"]
[BlackTeam "SK König Tegel 49"]
[PlyCount "57"]
[WhiteFideId "4687990"]
[BlackFideId "4693060"]
[EventCountry "GER"]
[EventRounds "7"]
[EventType "team-swiss"]
[EventDate "2003.12.26"]

1. e4 c5 2. Nf3 Nc6 3. d4 cxd4 4. Nxd4 g6 5. Nc3 Bg7 6. Be3 Nf6 7. f3 O-O 8.
Bc4 a6 9. Qd2 b5 10. Bb3 Qc7 11. g4 Bb7 12. O-O-O Rfd8 13. h4 e6 14. h5 d5 15.
hxg6 Nxd4 16. gxf7+ Kf8 17. Bxd4 e5 18. Qh2 Nd7 19. Qxh7 exd4 20. Qg8+ Ke7 21.
Qxg7 Qf4+ 22. Kb1 Nf8 23. Nxd5+ Bxd5 24. Bxd5 Rab8 25. Rd3 Rb6 26. Qxd4 Rbd6
27. e5 Rh6 28. Qc5+ Kd7 29. Bb3+ 1-0

[Event "DVM U20w 2003"]
[Site "Ditzingen GER"]
[Date "2003.12.27"]
[Round "2"]
[White "Rath, Alina"]
[Black "Chin, Karin"]
[Result "1-0"]
[Termination "normal"]
[Board "1.2"]
[WhiteElo "1724"]
[BlackElo "1775"]
[WhiteTeam "SK König Tegel 49"]
[BlackTeam "SK Johanneum Eppendorf"]
[PlyCount "125"]
[WhiteFideId "24607886"]
[BlackFideId "24608157"]
[EventCountry "GER"]
[EventRounds "7"]
[EventType "team-swiss"]
[EventDate "2003.12.26"]

1. c4 Nf6 2. Nc3 g6 3. d4 Bg7 4. Bg5 d6 5. Nf3 O-O 6. e3 Na6 7. Be2 c5 8. O-O
Bd7 9. Rb1 cxd4 10. exd4 Rc8 11. Qd2 Be6 12. b3 Re8 13. Rfe1 Qa5 14. h3 d5 15.
Nxd5 Qxd2 16. Nxf6+ Bxf6 17. Bxd2 Red8 18. Be3 Nb4 19. a3 Nc2 20. Red1 Nxe3 21.
fxe3 Rc7 22. d5 Bc8 23. Nd4 a6 24. e4 e6 25. Nf3 exd5 26. exd5 Bf5 27. Bd3 Bxd3
28. Rxd3 b5 29. Nd2 Be7 30. a4 Bc5+ 31. Kf1 f5 32. axb5 axb5 33. b4 bxc4 34.
Nxc4 Bf8 35. Ne3 Kf7 36. b5 f4 37. Ng4 Bd6 38. Nf2 Rb7 39. Ne4 h6 40. b6 g5 41.
Rc3 Be5 42. Rc6 Rxd5 43. Rxh6 Kg7 44. Rc6 Bb8 45. Nc5 Re7 46. b7 Rd2 47. Ne6+
Kg6 48. Re1 Rf7 49. Nd8+ Rf6 50. Rxf6+ Kxf6 51. Nc6 Ba7 52. Nxa7 Rb2 53. Nc6
Rxb7 54. Nd4 Rb6 55. Rc1 g4 56. hxg4 Kg5 57. Rc2 Kxg4 58. Kf2 Rd6 59. Nf3 Rd5
60. Re2 Ra5 61. Re5 Ra2+ 62. Kg1 Ra1+ 63. Kh2 1-0

[Event "DVM U20w 2003"]
[Site "Ditzingen GER"]
[Date "2003.12.27"]
[Round "2"]
[White "Schmidt, Jade"]
[Black "Neldner, Uta"]
[Result "0-1"]
[Termination "normal"]
[Board "1.3"]
[WhiteElo "1699"]
[BlackElo "1702"]
[WhiteTeam "SK Johanneum Eppendorf"]
[BlackTeam "SK König Tegel 49"]
[PlyCount "110"]
[BlackFideId "24604070"]
[EventCountry "GER"]
[EventRounds "7"]
[EventType "team-swiss"]
[EventDate "2003.12.26"]

1. d4 d5 2. c4 e6 3. Nc3 f5 4. Bf4 Nf6 5. Nf3 Be7 6. e3 O-O 7. Bd3 Ne4 8. h3 c6
9. Qc2 Nd7 10. Ne5 Qe8 11. O-O-O a5 12. g4 Nxe5 13. Bxe5 Bh4 14. Rdf1 b6 15.
Rhg1 Bf6 16. Bxf6 Rxf6 17. gxf5 exf5 18. cxd5 Nxc3 19. Qxc3 cxd5 20. Kb1 f4 21.
Qb3 Qf7 22. h4 Rb8 23. e4 dxe4 24. Qxf7+ Kxf7 25. Bxe4 h6 26. Rc1 Rd6 27. Rc7+
Rd7 28. Rgc1 Rxc7 29. Rxc7+ Kf6 30. Rc6+ Kf7 31. Rc7+ Kf8 32. Kc2 Be6 33. a3
Rc8 34. Rxc8+ Bxc8 35. Kc3 Ba6 36. d5 Ke7 37. Kd4 Kd6 38. Bf5 g5 39. hxg5 hxg5
40. Be6 Bb7 41. Ke4 b5 42. Kf5 Bxd5 43. Bxd5 Kxd5 44. Kxg5 Ke4 45. Kg4 a4 46.
Kg5 Kf3 47. Kf5 Kxf2 48. Ke5 Ke3 49. Kd5 f3 50. Kc5 f2 51. Kxb5 f1=Q+ 52. Kxa4
Qa6+ 53. Kb4 Kd4 54. b3 Qb6+ 55. Ka4 Kc3 0-1

[Event "DVM U20w 2003"]
[Site "Ditzingen GER"]
[Date "2003.12.27"]
[Round "2"]
[White "König, Laura"]
[Black "Rohlfs, Ricarda"]
[Result "0-1"]
[Termination "normal"]
[Board "1.4"]
[WhiteElo "1183"]
[BlackElo "1671"]
[WhiteTeam "SK König Tegel 49"]
[BlackTeam "SK Johanneum Eppendorf"]
[PlyCount "64"]
[EventCountry "GER"]
[EventRounds "7"]
[EventType "team-swiss"]
[EventDate "2003.12.26"]

1. e4 c5 2. Nf3 Nc6 3. d4 cxd4 4. Bc4 e6 5. Qe2 a6 6. O-O Qc7 7. Rd1 b5 8. Bb3
Bd6 9. c3 dxc3 10. Nxc3 Ne5 11. Nxe5 Bxe5 12. h3 b4 13. Na4 a5 14. Be3 Nf6 15.
Rac1 Qd8 16. Bb6 Qe7 17. Bc5 Ba6 18. Bxe7 Bxe2 19. Bxf6 Bxf6 20. Re1 Bb5 21. a3
bxa3 22. bxa3 O-O 23. Nc3 Bc6 24. a4 Rab8 25. e5 Bg5 26. Rb1 Bd2 27. Red1 Bxc3
28. f4 Be4 29. Rbc1 Rxb3 30. Rxd7 h6 31. Rc7 Bd4+ 32. Kh2 Rb2 0-1

[Event "DVM U20w 2003"]
[Site "Ditzingen GER"]
[Date "2003.12.27"]
[Round "2"]
[White "Rezai, Yuanne"]
[Black "Kind, Veronika"]
[Result "1/2-1/2"]
[Termination "normal"]
[Board "2.1"]
[WhiteElo "1827"]
[BlackElo "1829"]
[WhiteTeam "SF Wadgassen-Differten"]
[BlackTeam "SV Glück auf Rüdersdorf"]
[PlyCount "39"]
[EventCountry "GER"]
[EventRounds "7"]
[EventType "team-swiss"]
[EventDate "2003.12.26"]

1. e4 c5 2. d4 cxd4 3. c3 d3 4. c4 d6 5. Bxd3 g6 6. Nc3 Bg7 7. Nge2 Nf6 8. O-O
O-O 9. f4 Na6 10. Qe1 Nd7 11. Be3 b6 12. Rd1 Bb7 13. Qh4 Nac5 14. Bb1 e5 15.
Qg4 exf4 16. Qxf4 Be5 17. Qh6 Ne6 18. Nd5 Bg7 19. Qh3 Ne5 20. b3 1/2-1/2

[Event "DVM U20w 2003"]
[Site "Ditzingen GER"]
[Date "2003.12.27"]
[Round "2"]
[White "Hönecke, Judith"]
[Black "Thiery, Jennifer"]
[Result "1/2-1/2"]
[Termination "normal"]
[Board "2.2"]
[WhiteElo "1779"]
[BlackElo "1688"]
[WhiteTeam "SV Glück auf Rüdersdorf"]
[BlackTeam "SF Wadgassen-Differten"]
[PlyCount "72"]
[WhiteFideId "4696328"]
[EventCountry "GER"]
[EventRounds "7"]
[EventType "team-swiss"]
[EventDate "2003.12.26"]

1. d4 d5 2. Nc3 Nf6 3. Bg5 e6 4. e4 dxe4 5. Nxe4 Be7 6. Nxf6+ Bxf6 7. Bxf6 Qxf6
8. Nf3 O-O 9. Bd3 c5 10. c3 Nd7 11. O-O Rb8 12. Qc2 h6 13. Rad1 b5 14. dxc5
Nxc5 15. Be2 Bb7 16. Nd4 Be4 17. Qc1 a6 18. Qe3 Bd5 19. b3 Rbc8 20. Rc1 Rfd8
21. Rfd1 Bb7 22. c4 b4 23. Bf3 Bxf3 24. Nxf3 Qb2 25. Rxd8+ Rxd8 26. Re1 Nd3 27.
Rd1 Qc2 28. Qd2 Qxd2 29. Rxd2 Rd7 30. Kf1 Kf8 31. Ne1 Nc5 32. Rxd7 Nxd7 33. Nd3
a5 34. Ke2 Ke7 35. Ke3 Kd6 36. f4 g5 1/2-1/2

[Event "DVM U20w 2003"]
[Site "Ditzingen GER"]
[Date "2003.12.27"]
[Round "2"]
[White "Dietzen, Corinna"]
[Black "Sdunzik, Jennifer"]
[Result "1/2-1/2"]
[Termination "normal"]
[Board "2.3"]
[WhiteElo "1598"]
[BlackElo "1693"]
[WhiteTeam "SF Wadgassen-Differten"]
[BlackTeam "SV Glück auf Rüdersdorf"]
[PlyCount "61"]
[WhiteFideId "24621021"]
[BlackFideId "24620475"]
[EventCountry "GER"]
[EventRounds "7"]
[EventType "team-swiss"]
[EventDate "2003.12.26"]

1. c4 e6 2. Nc3 d5 3. cxd5 exd5 4. d4 Nf6 5. Nf3 Nbd7 6. Bf4 c6 7. e3 Be7 8.
Bd3 Nh5 9. Ne2 Nxf4 10. Nxf4 Qc7 11. Qc2 Nf6 12. O-O Bd6 13. Rfe1 O-O 14. Ne2
h6 15. Ng3 Be6 16. a3 Rad8 17. Nf5 Bxf5 18. Bxf5 Rfe8 19. h3 Ne4 20. Nd2 Qe7
21. Nxe4 dxe4 22. Rac1 g6 23. Bg4 Qg5 24. Qb3 Re7 25. Red1 Qf6 26. Rd2 Bc7 27.
Rcd1 Rd5 28. Qc2 Re8 29. Be2 Red8 30. Qxe4 Rf5 31. Bc4 1/2-1/2

[Event "DVM U20w 2003"]
[Site "Ditzingen GER"]
[Date "2003.12.27"]
[Round "2"]
[White "Müller, Thea-Lina"]
[Black "Ley, Janine"]
[Result "1/2-1/2"]
[Termination "normal"]
[Board "2.4"]
[WhiteElo "1737"]
[BlackElo "1388"]
[WhiteTeam "SV Glück auf Rüdersdorf"]
[BlackTeam "SF Wadgassen-Differten"]
[PlyCount "63"]
[WhiteFideId "24604054"]
[BlackFideId "24671274"]
[EventCountry "GER"]
[EventRounds "7"]
[EventType "team-swiss"]
[EventDate "2003.12.26"]

1. e4 c5 2. Nf3 Nc6 3. d4 cxd4 4. Nxd4 g6 5. Nc3 Bg7 6. Be3 e6 7. Be2 Nge7 8.
O-O O-O 9. Qd2 b6 10. Rad1 Bb7 11. Ndb5 d5 12. exd5 Nxd5 13. Nxd5 Qxd5 14. Qxd5
exd5 15. Nd4 Nb4 16. c3 Nc6 17. Rd2 Ne5 18. b3 Rfd8 19. Rfd1 Rd7 20. f4 Nc6 21.
Nxc6 Bxc6 22. Bd4 Bxd4+ 23. Rxd4 f5 24. Bf3 Rad8 25. Kf2 Kf7 26. h3 Rd6 27. g4
Kf6 28. Re1 a5 29. a3 fxg4 30. hxg4 b5 31. g5+ Kf7 32. Re5 1/2-1/2

[Event "DVM U20w 2003"]
[Site "Ditzingen GER"]
[Date "2003.12.27"]
[Round "2"]
[White "Beltz, Franziska"]
[Black "Stejskal, Janina Maria"]
[Result "1/2-1/2"]
[Termination "normal"]
[Board "3.1"]
[WhiteElo "1987"]
[BlackElo "1833"]
[WhiteTeam "SC Leipzig-Gohlis"]
[BlackTeam "Hamburger SK von 1830"]
[PlyCount "120"]
[WhiteFideId "4681401"]
[BlackFideId "24601942"]
[EventCountry "GER"]
[EventRounds "7"]
[EventType "team-swiss"]
[EventDate "2003.12.26"]

1. e4 e5 2. Nf3 d6 3. d4 exd4 4. Nxd4 Nf6 5. Nc3 Be7 6. Bd3 O-O 7. O-O Nc6 8.
Nxc6 bxc6 9. f4 Bb7 10. Qf3 c5 11. b3 Qc8 12. Qe2 Qg4 13. Qd2 Qe6 14. Re1 Ng4
15. Bb2 Bh4 16. Rf1 Bf6 17. e5 dxe5 18. h3 exf4 19. Rxf4 Qe3+ 20. Qxe3 Nxe3 21.
Bf1 Nd5 22. Nxd5 Bxb2 23. Ne7+ Kh8 24. Rd1 Bd4+ 25. Kh1 Rae8 26. Nf5 Be4 27.
Nxd4 cxd4 28. Rf2 c5 29. Bc4 f5 30. Rc1 Rf6 31. a4 Bc6 32. Rcf1 g6 33. Kh2 Re3
34. Kg1 Be4 35. Kh2 Rc3 36. Rc1 d3 37. Rd2 Rxc2 38. Rcd1 Rxd2 39. Rxd2 Rd6 40.
Kg3 g5 41. Kf2 f4 42. Ke1 h5 43. Kd1 f3 44. gxf3 Bxf3+ 45. Ke1 Be4 46. Kf2 Bf5
47. Ke3 Bxh3 48. Bxd3 Be6 49. Rg2 g4 50. Rh2 Bf7 51. Be4 Kg7 52. Rc2 Bxb3 53.
Rxc5 Kh6 54. Rc7 Ra6 55. Kf4 Bg8 56. Bc2 Rf6+ 57. Bf5 a6 58. Rb7 g3 59. Ke5 Rc6
60. Be4 Re6+ {Rest nicht nachvollziehbar} 1/2-1/2

[Event "DVM U20w 2003"]
[Site "Ditzingen GER"]
[Date "2003.12.27"]
[Round "2"]
[White "Peschke, Susanne"]
[Black "Helmbold, Irene"]
[Result "0-1"]
[Termination "normal"]
[Board "3.2"]
[WhiteElo "1626"]
[BlackElo "1719"]
[WhiteTeam "Hamburger SK von 1830"]
[BlackTeam "SC Leipzig-Gohlis"]
[PlyCount "67"]
[BlackFideId "24600873"]
[EventCountry "GER"]
[EventRounds "7"]
[EventType "team-swiss"]
[EventDate "2003.12.26"]

1. d4 Nf6 2. c4 d6 3. Nc3 g6 4. e4 Bg7 5. f4 O-O 6. Nf3 c5 7. d5 e6 8. Be2 exd5
9. exd5 Re8 10. O-O Na6 11. a3 Nc7 12. Bd3 a6 13. Qc2 Bd7 14. a4 Rb8 15. Qb3
Re7 16. a5 Na8 17. Qc2 b6 18. axb6 Rxb6 19. f5 Nc7 20. fxg6 fxg6 21. Bg5 Rf7
22. Nh4 Be8 23. Ne4 Qe7 24. Rae1 Qf8 25. Nf3 Nxe4 26. Rxe4 Rxb2 27. Qc1 Bd7 28.
Bh6 Rb3 29. Bxg7 Qxg7 30. Qc2 Rc3 31. Qd2 Bf5 32. Re3 Bxd3 33. Rxd3 Rxc4 34.
Ra1 0-1

[Event "DVM U20w 2003"]
[Site "Ditzingen GER"]
[Date "2003.12.27"]
[Round "2"]
[White "Salden, Franziska"]
[Black "Stoehr, Friederike"]
[Result "0-1"]
[Termination "normal"]
[Board "3.3"]
[WhiteElo "1471"]
[BlackElo "1539"]
[WhiteTeam "SC Leipzig-Gohlis"]
[BlackTeam "Hamburger SK von 1830"]
[PlyCount "72"]
[WhiteFideId "24601268"]
[EventCountry "GER"]
[EventRounds "7"]
[EventType "team-swiss"]
[EventDate "2003.12.26"]

1. e4 e6 2. d4 d5 3. Nc3 Nf6 4. e5 Nfd7 5. f4 c5 6. Nf3 Nc6 7. Be3 a6 8. Be2
Qb6 9. Qd2 Be7 10. O-O cxd4 11. Nxd4 Nxd4 12. Bxd4 Bc5 13. Bxc5 Nxc5 14. Qd4
Qc7 15. Rae1 Bd7 16. Rf3 b5 17. f5 Rd8 18. Rg3 Rg8 19. Bd1 Qb6 20. Kh1 Na4 21.
Qf4 Nxb2 22. f6 g6 23. Qh6 Qf2 24. Rg1 b4 25. Qxh7 Rf8 26. Nb1 Nxd1 27. Rxd1
Qe2 28. Rg1 Qxe5 29. Rxg6 Qf5 30. Rh6 Qxh7 31. Rxh7 Ba4 32. Rc1 Rc8 33. c3 bxc3
34. Rxc3 Rb8 35. Rc1 Bc2 36. Nd2 Bxh7 0-1

[Event "DVM U20w 2003"]
[Site "Ditzingen GER"]
[Date "2003.12.27"]
[Round "2"]
[White "Reiske, Anne"]
[Black "Weiß, Katharina"]
[Result "0-1"]
[Termination "normal"]
[Board "4.1"]
[WhiteElo "1631"]
[BlackElo "1618"]
[WhiteTeam "TSG Mutterstadt"]
[BlackTeam "ESV Delitzsch"]
[PlyCount "46"]
[WhiteFideId "24635472"]
[BlackFideId "24692859"]
[EventCountry "GER"]
[EventRounds "7"]
[EventType "team-swiss"]
[EventDate "2003.12.26"]

1. e4 c5 2. Nf3 d6 3. d4 cxd4 4. Nxd4 Nf6 5. f3 Nc6 6. Be3 g6 7. Qd2 Bg7 8. Nc3
O-O 9. O-O-O Nxd4 10. Bxd4 Be6 11. g4 Qa5 12. a3 b5 13. Bxb5 Rab8 14. h4 Rb7
15. h5 Rfb8 16. hxg6 hxg6 17. Bxf6 Bxf6 18. Qh6 Rxb5 19. Qh7+ Kf8 20. Nxb5 Rxb5
21. Rd2 Rxb2 22. f4 Qxa3 23. Kd1 Qf3+ 0-1

[Event "DVM U20w 2003"]
[Site "Ditzingen GER"]
[Date "2003.12.27"]
[Round "2"]
[White "Müller, Silvana"]
[Black "Auburger, Kirstin"]
[Result "0-1"]
[Termination "normal"]
[Board "4.2"]
[WhiteElo "1418"]
[BlackElo "1673"]
[WhiteTeam "ESV Delitzsch"]
[BlackTeam "TSG Mutterstadt"]
[PlyCount "102"]
[BlackFideId "24620726"]
[EventCountry "GER"]
[EventRounds "7"]
[EventType "team-swiss"]
[EventDate "2003.12.26"]

1. e4 d5 2. exd5 Qxd5 3. Nc3 Qa5 4. Nf3 Nf6 5. Be2 Bg4 6. O-O e6 7. Nd4 Bxe2 8.
Qxe2 c6 9. a3 Bd6 10. d3 Qc7 11. g3 O-O 12. Ne4 Nxe4 13. Qxe4 Nd7 14. Ne2 Rae8
15. d4 f5 16. Qf3 e5 17. dxe5 Nxe5 18. Qb3+ Kh8 19. Bf4 h6 20. Bxe5 Bxe5 21. f4
Bxb2 22. Qxb2 Rxe2 23. Rae1 Rfe8 24. Qb4 Rxe1 25. Rxe1 Rxe1+ 26. Qxe1 Qd7 27.
Kf2 Kg8 28. Qe3 b5 29. Qb3+ Qf7 30. Qxf7+ Kxf7 31. Ke3 Ke6 32. Kd4 Kd6 33. c4
c5+ 34. Kc3 a6 35. Kb3 Kc6 36. h3 h5 37. h4 g6 38. Kc3 a5 39. Kb3 bxc4+ 40.
Kxc4 a4 41. Kc3 Kd5 42. Kd3 c4+ 43. Kc3 Kc5 44. Kc2 Kd4 45. Kd2 c3+ 46. Kc2 Kc4
47. Kc1 Kb3 48. Kb1 Kxa3 49. Kc2 Kb4 50. Kc1 Kb3 51. Kb1 a3 0-1

[Event "DVM U20w 2003"]
[Site "Ditzingen GER"]
[Date "2003.12.27"]
[Round "2"]
[White "Schulz, Ann-Kristin"]
[Black "Warnick, Anita"]
[Result "1-0"]
[Termination "normal"]
[Board "4.3"]
[WhiteElo "1380"]
[BlackElo "883"]
[WhiteTeam "TSG Mutterstadt"]
[BlackTeam "ESV Delitzsch"]
[PlyCount "59"]
[EventCountry "GER"]
[EventRounds "7"]
[EventType "team-swiss"]
[EventDate "2003.12.26"]

1. e4 e5 2. Nf3 Nc6 3. d4 f6 4. Bb5 Nge7 5. O-O d6 6. d5 a6 7. Ba4 b5 8. Bb3
Na5 9. Be3 Bg4 10. Nbd2 c5 11. dxc6 Naxc6 12. c4 Bxf3 13. Qxf3 Qa5 14. Rac1 Nb4
15. cxb5 axb5 16. Rfd1 Nd3 17. Rc2 Nb4 18. Rc3 Nxa2 19. Ra1 Nxc3 20. Rxa5 Rxa5
21. bxc3 Ra1+ 22. Nf1 Ra3 23. Qd1 f5 24. Be6 Ra6 25. exf5 g6 26. f6 Nf5 27. Bg5
Kd8 28. Qd5 Kc7 29. Qxb5 Rb6 30. Qd7+ 1-0

[Event "DVM U20w 2003"]
[Site "Ditzingen GER"]
[Date "2003.12.27"]
[Round "2"]
[White "Kummer, Annett"]
[Black "Hetterich, Tanja"]
[Result "0-1"]
[Termination "normal"]
[Board "4.4"]
[WhiteElo "817"]
[BlackElo "1140"]
[WhiteTeam "ESV Delitzsch"]
[BlackTeam "TSG Mutterstadt"]
[PlyCount "66"]
[EventCountry "GER"]
[EventRounds "7"]
[EventType "team-swiss"]
[EventDate "2003.12.26"]

1. e4 c5 2. Nf3 d6 3. d4 cxd4 4. Nxd4 Nf6 5. c3 Nxe4 6. Be3 g6 7. Bd3 Nc5 8.
O-O Bg7 9. Be2 O-O 10. Nd2 Qb6 11. Nc4 Qc7 12. Nb5 Qd7 13. a4 a6 14. Nd4 Nc6
15. Nb6 Qd8 16. Nxa8 Bd7 17. b4 Ne4 18. Bf3 Nf6 19. Nb6 Qxb6 20. a5 Qc7 21. b5
Nxd4 22. b6 Nxf3+ 23. Qxf3 Qc6 24. Qe2 Nd5 25. f3 Nxe3 26. Qxe3 Qxc3 27. Rae1
Bd4 28. Qf2 Bxf2+ 29. Rxf2 Qxe1+ 30. Rf1 Qe3+ 31. Kh1 Rc8 32. h3 Rc1 33. Rxc1
Qxc1+ 0-1

[Event "DVM U20w 2003"]
[Site "Ditzingen GER"]
[Date "2003.12.27"]
[Round "2"]
[White "Wolfram, Julia"]
[Black "Stutz, Andrea"]
[Result "0-1"]
[Termination "normal"]
[Board "5.1"]
[WhiteElo "1406"]
[BlackElo "1983"]
[WhiteTeam "TSV Zeulenroda"]
[BlackTeam "SC Tamm 74"]
[PlyCount "122"]
[BlackFideId "4697146"]
[EventCountry "GER"]
[EventRounds "7"]
[EventType "team-swiss"]
[EventDate "2003.12.26"]

1. d4 Nf6 2. Nc3 d5 3. e3 Bf5 4. f4 e6 5. Nf3 Nbd7 6. Be2 Be7 7. O-O O-O 8. Ne5
Ne4 9. g4 Nxc3 10. bxc3 Be4 11. Bf3 Bxf3 12. Rxf3 f6 13. Nxd7 Qxd7 14. Qd3 c5
15. Rh3 f5 16. g5 Rac8 17. Bd2 Qa4 18. Rg3 Rc6 19. Be1 Rfc8 20. Qe2 g6 21. h4
Kf7 22. h5 Rh8 23. Rh3 Rcc8 24. Qh2 Kg7 25. Rb1 b6 26. Ra1 Qa3 27. Qe2 Qb2 28.
Qd1 Bd6 29. Bd2 Qa3 30. Qb1 Qa4 31. Qb2 Qc4 32. Kf2 Rb8 33. Rah1 Bc7 34. Qb1
Qa4 35. R1h2 cxd4 36. exd4 Bd6 37. Ke3 e5 38. fxe5 f4+ 39. Kf3 Bxe5 40. hxg6
hxg6 41. Qh1 Rxh3+ 42. Rxh3 Qxc2 43. dxe5 Qd3+ 44. Kf2 Qxd2+ 45. Kf1 Qd1+ 46.
Kg2 Qxh1+ 47. Rxh1 Re8 48. Re1 Kf7 49. Kf3 Ke6 50. Kxf4 Rf8+ 51. Kg4 Rc8 52.
Re3 Rc4+ 53. Kf3 Ra4 54. Re2 Ra3 55. Kf4 Rxc3 56. Rf2 Rc7 57. Rh2 Rf7+ 58. Ke3
Kxe5 59. Rh4 Rd7 60. Kf3 Kf5 61. Rg4 d4 0-1

[Event "DVM U20w 2003"]
[Site "Ditzingen GER"]
[Date "2003.12.27"]
[Round "2"]
[White "Bonfert, Nadine"]
[Black "Kohl, Annette"]
[Result "0-1"]
[Termination "normal"]
[Board "5.2"]
[WhiteElo "1584"]
[BlackElo "1494"]
[WhiteTeam "SC Tamm 74"]
[BlackTeam "TSV Zeulenroda"]
[PlyCount "112"]
[WhiteFideId "4633636"]
[EventCountry "GER"]
[EventRounds "7"]
[EventType "team-swiss"]
[EventDate "2003.12.26"]

1. e4 e5 2. Nf3 Nf6 3. Nc3 Nc6 4. Bb5 d6 5. d3 Bg4 6. O-O Be7 7. Be3 O-O 8. Re1
a6 9. Bc4 b5 10. Bb3 Nd4 11. Bxd4 exd4 12. Nd5 Nxd5 13. Bxd5 Rb8 14. c3 Bf6 15.
Rc1 c5 16. Qe2 Qa5 17. cxd4 Bxd4 18. Rc2 Rfe8 19. Qd2 Qxd2 20. Nxd2 Kf8 21. Kf1
Bh5 22. Nb3 Be5 23. h3 Bg6 24. Na5 f5 25. f3 fxe4 26. fxe4 Bf7 27. Rf2 Bf6 28.
Bxf7 Kxf7 29. Nc6 Rbc8 30. Na5 Ke6 31. Rc1 Bd4 32. Rf3 Rf8 33. Rc2 Rxf3+ 34.
gxf3 d5 35. b3 Kd6 36. Nb7+ Kc6 37. Na5+ Kb6 38. b4 Rf8 39. Ke2 cxb4 40. Nc6
Bc3 41. Ne7 d4 42. Nd5+ Kb7 43. f4 Re8 44. f5 a5 45. Kd1 a4 46. Rc1 a3 47. Rc2
Ra8 48. Rc1 b3 49. Nxc3 dxc3 50. axb3 b4 51. d4 Rd8 52. d5 Re8 53. d6 Rxe4 54.
Kc2 Rd4 55. Rd1 Rxd1 56. Kxd1 a2 0-1

[Event "DVM U20w 2003"]
[Site "Ditzingen GER"]
[Date "2003.12.27"]
[Round "2"]
[White "Weise, Lisa"]
[Black "Rüdel, Anita"]
[Result "0-1"]
[Termination "normal"]
[Board "5.3"]
[WhiteElo "1277"]
[BlackElo "1438"]
[WhiteTeam "TSV Zeulenroda"]
[BlackTeam "SC Tamm 74"]
[PlyCount "68"]
[EventCountry "GER"]
[EventRounds "7"]
[EventType "team-swiss"]
[EventDate "2003.12.26"]

1. c4 e6 2. Nc3 d5 3. d4 Nf6 4. Nf3 c6 5. g3 Be7 6. Bg2 O-O 7. c5 Nbd7 8. O-O
b6 9. cxb6 axb6 10. e3 c5 11. Ne2 Ba6 12. Qc2 Qb8 13. b3 Rc8 14. Qd1 Ra7 15.
dxc5 bxc5 16. Bb2 c4 17. Bd4 Rb7 18. Rb1 cxb3 19. axb3 Bxe2 20. Qxe2 Rxb3 21.
Rxb3 Qxb3 22. Qa6 Qb8 23. Qd3 e5 24. Ba1 e4 25. Qd4 exf3 26. Bxf3 Qd6 27. Kh1
Qe6 28. Rg1 Bf8 29. g4 Rc4 30. Qd1 Ne5 31. g5 Nxf3 32. Qxf3 Ne4 33. Bb2 Rc2 34.
Bd4 Nxf2+ 0-1

[Event "DVM U20w 2003"]
[Site "Ditzingen GER"]
[Date "2003.12.27"]
[Round "2"]
[White "Kurz, Silke"]
[Black "Knolle, Lisa"]
[Result "0-1"]
[Termination "normal"]
[Board "5.4"]
[WhiteElo "1277"]
[BlackElo "1325"]
[WhiteTeam "SC Tamm 74"]
[BlackTeam "TSV Zeulenroda"]
[PlyCount "86"]
[EventCountry "GER"]
[EventRounds "7"]
[EventType "team-swiss"]
[EventDate "2003.12.26"]

1. e4 e5 2. Nf3 Nc6 3. d4 exd4 4. Nxd4 Bc5 5. Nb3 Bb6 6. Nc3 d6 7. Bc4 Nf6 8.
Bg5 h6 9. Bh4 Be6 10. Nd2 Ne5 11. Bd5 c6 12. Bb3 Ng6 13. Bg3 O-O 14. O-O Bg4
15. Nf3 Nh5 16. Bxd6 Re8 17. Bb4 Qf6 18. h3 Rad8 19. Qe2 Ngf4 20. Qc4 Bxf3 21.
Qxf7+ Qxf7 22. Bxf7+ Kxf7 23. gxf3 Nxh3+ 24. Kg2 N5f4+ 25. Kg3 Rd2 26. Rad1
Rxc2 27. Rd7+ Kg8 28. Nd1 Rd8 29. Rxb7 Rc1 30. Rxb6 axb6 31. Ne3 Rxf1 32. Nxf1
Rd1 33. Ne3 Rg1+ 34. Kh2 Rg6 35. Bc3 Nxf2 36. Be5 N4d3 37. Bd4 c5 38. Bc3 Rf6
39. Kg3 Rg6+ 40. Kh2 h5 41. b3 b5 42. Ba5 Ne5 43. Bc7 Nxf3# 0-1

[Event "DVM U20w 2003"]
[Site "Ditzingen GER"]
[Date "2003.12.27"]
[Round "2"]
[White "Gasch, Franziska"]
[Black "Jehle, Anja"]
[Result "1/2-1/2"]
[Termination "normal"]
[Board "6.1"]
[WhiteElo "1544"]
[BlackElo "1520"]
[WhiteTeam "SC Leipzig-Lindenau"]
[BlackTeam "SV Wolfbusch"]
[PlyCount "76"]
[WhiteFideId "24632139"]
[BlackFideId "24631434"]
[EventCountry "GER"]
[EventRounds "7"]
[EventType "team-swiss"]
[EventDate "2003.12.26"]

1. e4 c5 2. d4 cxd4 3. c3 d5 4. exd5 Qxd5 5. cxd4 Nc6 6. Nc3 Qd8 7. Be3 Nf6 8.
h3 Bf5 9. Nf3 e6 10. Bc4 Be7 11. O-O O-O 12. Rc1 Rc8 13. Qe2 Nb4 14. Ne1 Nbd5
15. Nxd5 Nxd5 16. Nd3 Bxd3 17. Bxd3 Qb6 18. Bb1 Bf6 19. Qd2 Rfd8 20. Rxc8 Rxc8
21. Rc1 Rxc1+ 22. Qxc1 Qc7 23. Qxc7 Nxc7 24. a4 Nd5 25. Kf1 Nxe3+ 26. fxe3 h6
27. Ke2 Kf8 28. Kd3 Ke7 29. Kc4 Kd6 30. b3 Bg5 31. e4 e5 32. d5 Be3 33. Bd3 a5
34. Be2 f6 35. Bg4 b6 36. Kb5 Bc5 37. Kc4 Bd4 38. Bf5 Be3 1/2-1/2

[Event "DVM U20w 2003"]
[Site "Ditzingen GER"]
[Date "2003.12.27"]
[Round "2"]
[White "Erben, Larissa"]
[Black "Köditz, Katja"]
[Result "0-1"]
[Termination "normal"]
[Board "6.2"]
[WhiteElo "1497"]
[BlackElo "1566"]
[WhiteTeam "SV Wolfbusch"]
[BlackTeam "SC Leipzig-Lindenau"]
[PlyCount "156"]
[WhiteFideId "24634590"]
[EventCountry "GER"]
[EventRounds "7"]
[EventType "team-swiss"]
[EventDate "2003.12.26"]

1. e4 Nf6 2. e5 Nd5 3. d4 d6 4. c4 Nb6 5. exd6 cxd6 6. h3 g6 7. Nf3 Bg7 8. Nc3
O-O 9. Be3 Bf5 10. Be2 Nc6 11. O-O Rc8 12. b3 Nd7 13. Qd2 Nf6 14. Bh6 Qd7 15.
Bxg7 Kxg7 16. Kh2 Qc7 17. g3 Rcd8 18. Rad1 Qc8 19. Rh1 d5 20. h4 dxc4 21. bxc4
Ng4+ 22. Kg1 Nf6 23. h5 gxh5 24. Qg5+ Bg6 25. d5 Nb8 26. Nh4 h6 27. Qe5 Qc5 28.
Nxg6 fxg6 29. Ne4 Qb4 30. Nxf6 exf6 31. Qf4 Qb2 32. Rd2 Qc3 33. Kg2 Rfe8 34.
Bd1 Rc8 35. Rc2 Qa5 36. Qh4 Re5 37. g4 Re4 38. Be2 Qa4 39. Rhc1 hxg4 40. Bd3
Re5 41. f4 gxf3+ 42. Kxf3 Rce8 43. Kf2 Rxd5 44. Qg3 Rg5 45. Qf3 Qb4 46. Rh1 Nc6
47. Qh3 Qc5+ 48. Kf1 h5 49. Rg2 Qe5 50. Re2 Qf4+ 51. Ke1 Rxe2+ 52. Bxe2 Qc1+
53. Kf2 Qf4+ 54. Ke1 Qg3+ 55. Qxg3 Rxg3 56. Kf2 Ra3 57. Ra1 Nb4 58. Rb1 a5 59.
Bf3 Rxa2+ 60. Ke3 b6 61. Rd1 Nc2+ 62. Ke4 Rb2 63. Rd6 Na3 64. Rd4 Rb4 65. Kd5
a4 66. Be4 Nb1 67. Kc6 a3 68. Bd3 Nc3 69. Rd7+ Kh6 70. Ra7 a2 71. Ra3 Ra4 72.
Rxa4 Nxa4 73. Kb5 a1=Q 74. Kc6 Qd4 75. Bf1 Qc5+ 76. Kd7 Qf5+ 77. Kc6 Qxf1 78.
Kd6 Qxc4 0-1